00537nam a22001577a 4500003000200000005001700002008004100019020002200060050002300082245009600105260006400201300003100265500002800296654002800324700002700352020230824103910.0230824b xxu||||| |||| 00| 0 eng d a978-971-506-904-5 aB 5222b.D685 2022 aDoing philosophy in the Philippines : the Thomas collection, vol. IIcAlfredo P. Co, editor aManilabUniversity of Santo Tomas Publishing House cc2022. axxvi, 272 pages :c26 cm.  aPhilosophy, Philippine. aPhilosophy, Philippine. aCo, Alfredo P.eeditor